| 000 | 00508nam a2200157 4500 | ||
|---|---|---|---|
| 001 | 4137 | ||
| 005 | 20181127172706.0 | ||
| 020 | 0 | 0 | _a0198098634 |
| 090 | 0 | 0 | _a342.5 T568c 20214 |
| 245 | 0 | 0 |
_aConstitutionalism and democracy in South Asia : _bPolitical developments in India's neighbourhood / _cEdited by Maneesh Tikekar. _h |
| 260 | 0 | 0 |
_aNew Delhi : _bOxford University Press, _c2014. |
| 300 | 0 | 0 | _axlvi, 181 p. ; 25 cm. |
| 650 | 0 | 0 |
_aConstitutional law. _x |
| 650 | 0 | 0 |
_aDemocracy. _x |
| 650 | 0 | 0 |
_aPolitical science. _x |
| 999 |
_c3390 _d3390 |
||